000 01077cam a22002533a 4500
001 30874
003 PGUSA
005 20140828083652.0
008 100106s2010||||xxu|||||s|||||000 1 eng d
040 _aPGUSA
_beng
042 _adc
050 4 _aPS
100 1 _aBrown, Paul Cameron,
_d1948-
245 1 4 _aThe Land of Look Behind
_h[electronic resource] /
_cPaul Cameron Brown
260 _bProject Gutenberg,
_c2010
505 0 _aTo cross the bay -- Upturn the rock -- Seaeggs -- The hire -- The nightlamp -- The strongbox -- The sandpit -- The wager -- Errands -- Ponchontas -- The bloodfish -- The garden patch -- The monarch -- Brébeuf -- City the insects invade -- Plaudits -- Summer's clock -- Automobile soft legs -- The pelly, the powder and the snake -- Jabiru -- Adua -- Rip.
506 _aCopyrighted. Read the copyright notice inside this book for details.
516 _aElectronic text
653 _aFiction
653 _aShort stories, Canadian
830 0 _aProject Gutenberg
_v30874
856 4 0 _uhttp://www.gutenberg.org/ebooks/30874
942 _cEB
999 _c260129
_d260129